[Event "Landesklasse Ost 2013/2014"]
[Site "?"]
[Date "2013.10.20"]
[Round "2"]
[White "Moje, Hans-Jürgen"]
[Black "Riemer, Marion"]
[Result "1/2-1/2"]
[WhiteElo "1725"]
[BlackElo "1716"]
[PlyCount "35"]
[EventDate "2013.??.??"]
[WhiteTeam "SV Hermsdorf"]
[BlackTeam "TSV Zeulenroda"]

1. e4 d5 2. exd5 Nf6 3. d4 Nxd5 4. Nf3 Bg4 5. Be2 g6 6. c4 Nb6 7. Nc3 Bg7 8.
Be3 O-O 9. h3 Bxf3 10. Bxf3 c6 11. b3 e5 12. Ne2 N8d7 13. O-O Qe7 14. Qc2 f5
15. dxe5 Nxe5 16. Rad1 Nxf3+ 17. gxf3 Qh4 18. Kh2 1/2-1/2

[Event "Landesklasse Ost 2013/2014"]
[Site "?"]
[Date "2013.10.20"]
[Round "2"]
[White "Wiedemann, Volker"]
[Black "Hädrich, Dirk"]
[Result "1-0"]
[WhiteElo "1835"]
[BlackElo "1792"]
[PlyCount "71"]
[EventDate "2013.??.??"]
[WhiteTeam "TSV Zeulenroda"]
[BlackTeam "SV Hermsdorf"]

1. Nf3 e6 2. b3 f5 3. Bb2 Nf6 4. c4 d6 5. d4 Be7 6. g3 O-O 7. Bg2 c6 8. O-O Qe8
9. Nbd2 Qh5 10. Rc1 Nbd7 11. e3 g5 12. Rc2 Qh6 13. Qe2 d5 14. Ne5 Bd6 15. f4 g4
16. a3 Qg7 17. b4 a6 18. Nb3 Be7 19. c5 h5 20. Nc1 Nxe5 21. dxe5 Ne8 22. Nb3
Nc7 23. Nd4 Bd7 24. Rb1 Kf7 25. Nxf5 Qg6 26. Nd6+ Kg7 27. Rf1 Kg8 28. Nxb7 h4
29. Nd6 Nb5 30. Rd2 a5 31. e4 axb4 32. axb4 h3 33. Bh1 Rfb8 34. f5 Qg5 35. f6
Bf8 36. Rf4 1-0

[Event "Landesklasse Ost 2013/2014"]
[Site "?"]
[Date "2013.10.20"]
[Round "2"]
[White "Markowski, Erhard"]
[Black "Glock, Benjamin"]
[Result "1/2-1/2"]
[WhiteElo "1689"]
[BlackElo "1730"]
[PlyCount "83"]
[EventDate "2013.??.??"]
[WhiteTeam "SV Hermsdorf"]
[BlackTeam "TSV Zeulenroda"]

1. c4 Nf6 2. Nc3 c6 3. e4 d5 4. e5 Ne4 5. Nf3 Nxc3 6. bxc3 Bg4 7. d4 e6 8. Be2
Qa5 9. Qb3 Qb6 10. O-O Be7 11. c5 Qxb3 12. axb3 Nd7 13. b4 O-O 14. b5 f6 15.
bxc6 bxc6 16. Bf4 fxe5 17. Bxe5 Nxe5 18. dxe5 Bxc5 19. Rfe1 Rab8 20. Nd4 Bxe2
21. Rxe2 Bxd4 22. cxd4 Rf7 23. f3 Rb4 24. Rd2 Rfb7 25. Raa2 Rc4 26. Kf2 c5 27.
dxc5 Rxc5 28. Ra6 Re7 29. f4 Kf7 30. g4 Rc4 31. Kf3 Rc3+ 32. Kg2 Rec7 33. f5
R3c6 34. Rda2 Rxa6 35. Rxa6 Re7 36. fxe6+ Rxe6 37. Rxa7+ Kg6 38. Rd7 Rxe5 39.
Kg3 Kf6 40. Kf4 Re4+ 41. Kf3 Re5 42. Kf4 1/2-1/2

[Event "Landesklasse Ost 2013/2014"]
[Site "?"]
[Date "2013.10.20"]
[Round "2"]
[White "Jacke, Corinna"]
[Black "Bülau, Daniel"]
[Result "1/2-1/2"]
[WhiteElo "1871"]
[BlackElo "1499"]
[PlyCount "52"]
[EventDate "2013.??.??"]
[WhiteTeam "TSV Zeulenroda"]
[BlackTeam "SV Hermsdorf"]

1. e4 e5 2. Nf3 Nc6 3. d4 exd4 4. Bc4 Nf6 5. O-O Nxe4 6. Re1 d5 7. Bxd5 Qxd5 8.
Nc3 Qh5 9. Nxe4 Be6 10. Nxd4 Qxd1 11. Rxd1 Nxd4 12. Rxd4 Be7 13. Bf4 O-O 14. c3
c5 15. Rd2 Rfd8 16. Bd6 Bxd6 17. Nxd6 Rd7 18. b3 Rad8 19. Rad1 Kf8 20. Ne4 Rxd2
21. Rxd2 Rxd2 22. Nxd2 Bf5 23. f3 Ke7 24. Kf2 g5 25. Ke3 Ke6 26. a3 b6 1/2-1/2

[Event "Landesklasse Ost 2013/2014"]
[Site "?"]
[Date "2013.10.20"]
[Round "2"]
[White "Schulz, Phillip"]
[Black "Teichmann, Mario"]
[Result "1/2-1/2"]
[WhiteElo "1461"]
[BlackElo "1348"]
[PlyCount "50"]
[EventDate "2013.??.??"]
[WhiteTeam "SV Hermsdorf"]
[BlackTeam "TSV Zeulenroda"]

1. d4 d5 2. Nf3 Nf6 3. g3 e6 4. Bg2 Be7 5. O-O O-O 6. c4 c6 7. cxd5 cxd5 8. Nc3
a6 9. Bf4 Nbd7 10. Rc1 b5 11. Ne5 Bb7 12. Nxd7 Qxd7 13. Na4 Rac8 14. Nb6 Rxc1
15. Qxc1 Qc6 16. Qxc6 Bxc6 17. Rc1 Ba8 18. a3 Ne4 19. Bxe4 dxe4 20. e3 g5 21.
Be5 f6 22. Nc8 Bd8 23. Bc7 Bb7 24. Nd6 Bd5 25. Nc8 Bb7 1/2-1/2

[Event "Landesklasse Ost 2013/2014"]
[Site "?"]
[Date "2013.10.20"]
[Round "2"]
[White "Hoffmann, Tim"]
[Black "Sunderbrink, Heino"]
[Result "1/2-1/2"]
[WhiteElo "1961"]
[BlackElo "1968"]
[PlyCount "80"]
[EventDate "2013.??.??"]
[WhiteTeam "ESV Gera"]
[BlackTeam "SV Medizin Erfurt"]

1. e4 Nf6 2. e5 Nd5 3. d4 d6 4. Nf3 dxe5 5. Nxe5 c6 6. Bc4 Nd7 7. O-O Nxe5 8.
dxe5 Bf5 9. Bd3 Bxd3 10. Qxd3 g6 11. c4 Nc7 12. Qe4 Ne6 13. Be3 Qc8 14. f4 Ng7
15. Nd2 Nf5 16. Nf3 Nxe3 17. Qxe3 Bg7 18. Rad1 O-O 19. Rd2 Rd8 20. Rfd1 Qc7 21.
e6 Bf6 22. Rd7 Rxd7 23. Rxd7 Qa5 24. Ng5 Bxg5 25. exf7+ Kxf7 26. fxg5 Re8 27.
a3 b6 28. h3 Qa4 29. Qe4 Qb3 30. Qd4 Qc2 31. h4 c5 32. Qf2+ Qxf2+ 33. Kxf2 Ra8
34. Ke3 Ke6 35. Rb7 Kd6 36. g4 Ke6 37. b3 Kd6 38. h5 Ke6 39. Ke2 Kd6 40. Ke3
Ke6 1/2-1/2

[Event "Landesklasse Ost 2013/2014"]
[Site "?"]
[Date "2013.10.20"]
[Round "2"]
[White "Zeuner, Ulrich"]
[Black "Puschendorf, Steffen"]
[Result "0-1"]
[WhiteElo "1970"]
[BlackElo "2080"]
[PlyCount "106"]
[EventDate "2013.??.??"]
[WhiteTeam "SV Medizin Erfurt"]
[BlackTeam "ESV Gera"]

1. e4 e6 2. Qe2 c5 3. b3 Nc6 4. Bb2 e5 5. Nf3 d6 6. g3 g6 7. Bg2 Bg7 8. Nc3
Nge7 9. Nd5 O-O 10. O-O Nxd5 11. exd5 Nb4 12. Ne1 Bf5 13. c3 Na6 14. d3 Qd7 15.
Nc2 g5 16. Rad1 Rae8 17. Qd2 h6 18. a3 Bg6 19. b4 f5 20. c4 Bh5 21. Rb1 Rf7 22.
Ba1 Ref8 23. f3 f4 24. g4 Bg6 25. Rfe1 h5 26. h3 hxg4 27. hxg4 Bf6 28. Kf2 Rh7
29. Rg1 Rff7 30. Qe2 Rh2 31. Ne1 Rfh7 32. bxc5 Nxc5 33. Rb4 Qg7 34. Bb2 Rh8 35.
Rb5 b6 36. Qd1 e4 37. Bxf6 e3+ 38. Ke2 Qxf6 39. d4 Nb7 40. Rb2 R8h7 41. Nc2 Rc7
42. Nb4 Rxc4 43. Nc6 Nc5 44. Ne7+ Qxe7 45. dxc5 Qe5 46. Qb3 Rxc5 47. Kd1 Qd4+
48. Ke2 Rc3 49. Qd1 Bd3+ 50. Ke1 e2 51. Rxe2 Qxg1+ 52. Kd2 Qxd1+ 53. Kxd1 Bxe2+
0-1

[Event "Landesklasse Ost 2013/2014"]
[Site "?"]
[Date "2013.10.20"]
[Round "2"]
[White "Gläßl, Matthias"]
[Black "Kube, Hannelore"]
[Result "0-1"]
[WhiteElo "2050"]
[BlackElo "1820"]
[PlyCount "104"]
[EventDate "2013.??.??"]
[WhiteTeam "ESV Gera"]
[BlackTeam "SV Medizin Erfurt"]

1. e4 e5 2. Nf3 Nc6 3. Bc4 Bc5 4. d3 d6 5. c3 Nf6 6. Nbd2 O-O 7. a4 a5 8. O-O
h6 9. Qe2 Qe7 10. Nb3 Bb6 11. Be3 Bxe3 12. fxe3 Be6 13. Nbd2 d5 14. exd5 Bxd5
15. e4 Bxc4 16. Nxc4 Rad8 17. Ne1 Nd7 18. Ne3 Nf6 19. Nf5 Qe6 20. Qf3 Kh7 21.
Ra3 Ne7 22. Nxe7 Qxe7 23. Rb3 b6 24. Qf5+ Kg8 25. Rf3 Rd6 26. d4 Nd7 27. d5 Rf6
28. Qh3 Qc5+ 29. Kh1 Qe3 30. Qh4 Rxf3 31. gxf3 Nc5 32. Rb5 Nd3 33. Nxd3 Qxf3+
34. Kg1 Qxd3 35. Qe1 f5 36. d6 Qxd6 37. Rd5 Qe6 38. Qg3 f4 39. Qf3 Qg6+ 40. Kf2
Qg5 41. Qh3 Kh7 42. Qg2 Qh4+ 43. Kf3 Qh5+ 44. Kf2 Rf6 45. Rd3 Qh4+ 46. Ke2 f3+
47. Rxf3 Qxe4+ 48. Kf2 Qc2+ 49. Kf1 Qd1+ 50. Kf2 Qc2+ 51. Kf1 Qb1+ 52. Kf2
Qxb2+ 0-1

[Event "Landesklasse Ost 2013/2014"]
[Site "?"]
[Date "2013.10.20"]
[Round "2"]
[White "Rost, Detlef"]
[Black "Senf, Paul"]
[Result "1/2-1/2"]
[WhiteElo "1885"]
[BlackElo "1660"]
[PlyCount "84"]
[EventDate "2013.??.??"]
[WhiteTeam "SV Medizin Erfurt"]
[BlackTeam "ESV Gera"]

1. d4 f5 2. Bg5 g6 3. h4 Bg7 4. e3 d5 5. Nd2 Be6 6. Ngf3 Nf6 7. c3 Nbd7 8. Be2
Ne4 9. Bf4 h6 10. Qb3 Qc8 11. Nxe4 fxe4 12. Nd2 Nf6 13. Be5 c6 14. a4 O-O 15.
c4 Qd7 16. O-O Kh8 17. cxd5 Bxd5 18. Qc2 Qe6 19. Qd1 h5 20. Ra3 Ne8 21. Bxg7+
Nxg7 22. Rc3 Nf5 23. g3 Qd6 24. Qe1 e5 25. dxe5 Qxe5 26. Kg2 Rg8 27. Nb3 b6 28.
Rh1 c5 29. Nd2 Rg7 30. Nc4 Qe6 31. b3 Rag8 32. Rc1 Qf6 33. Qc3 Qxc3 34. Rxc3
Re7 35. Rd1 Rd8 36. Rc2 Red7 37. Rcd2 Bxc4 38. Rxd7 Rxd7 39. bxc4 Rxd1 40. Bxd1
Nd6 41. Be2 Kg7 42. g4 Kf6 1/2-1/2

[Event "Landesklasse Ost 2013/2014"]
[Site "?"]
[Date "2013.10.20"]
[Round "2"]
[White "Hilbig, Dieter"]
[Black "Knorre, Jonas"]
[Result "1-0"]
[WhiteElo "1865"]
[BlackElo "1664"]
[PlyCount "95"]
[EventDate "2013.??.??"]
[WhiteTeam "ESV Gera"]
[BlackTeam "SV Medizin Erfurt"]

1. e4 c5 2. Nc3 Nc6 3. f4 g6 4. Nf3 Bg7 5. Bb5 e6 6. Bxc6 bxc6 7. O-O Ne7 8. d3
O-O 9. Qe1 d5 10. Qh4 Ba6 11. Ng5 h6 12. Nh3 dxe4 13. Nxe4 Nf5 14. Qxd8 Raxd8
15. Nhf2 c4 16. Nc5 cxd3 17. Rd1 Bc4 18. Ncxd3 Nd4 19. Rd2 Bxd3 20. cxd3 e5 21.
fxe5 Bxe5 22. Rd1 Ne2+ 23. Kf1 Nxc1 24. Raxc1 Rc8 25. Rc2 Bxh2 26. Rc4 Be5 27.
b4 Rfd8 28. Rdc1 Rd4 29. a3 Rxc4 30. Rxc4 f5 31. d4 Bd6 32. d5 Kf7 33. dxc6 Ke6
34. b5 Bxa3 35. Nd3 Bd6 36. Ra4 Rc7 37. Ke2 Kd5 38. Kd2 g5 39. Kc3 Be5+ 40.
Nxe5 Kxe5 41. Rd4 Ke6 42. Kc4 f4 43. Kc5 h5 44. Rd6+ Ke7 45. Rh6 g4 46. Rxh5 f3
47. gxf3 gxf3 48. Rf5 1-0

[Event "Landesklasse Ost 2013/2014"]
[Site "?"]
[Date "2013.10.20"]
[Round "2"]
[White "Seele, Hartmut"]
[Black "Steinmüller, Johannes"]
[Result "1/2-1/2"]
[WhiteElo "1796"]
[BlackElo "1744"]
[PlyCount "45"]
[EventDate "2013.??.??"]
[WhiteTeam "SV Medizin Erfurt"]
[BlackTeam "ESV Gera"]

1. e4 c5 2. d4 cxd4 3. c3 d3 4. Bxd3 d6 5. Nf3 g6 6. Bc4 e6 7. Bf4 Nf6 8. Qe2
Bg7 9. O-O O-O 10. Rd1 d5 11. e5 Ne4 12. Bd3 Nc5 13. Bc2 Qb6 14. Na3 Bd7 15.
Rab1 Nca6 16. c4 Bc6 17. cxd5 Bxd5 18. Nc4 Bxc4 19. Qxc4 Nc6 20. Rd6 Qb4 21.
Qxb4 Naxb4 22. Be4 Rfd8 23. a3 1/2-1/2

[Event "Landesklasse Ost 2013/2014"]
[Site "?"]
[Date "2013.10.20"]
[Round "2"]
[White "Kupper, Matthias"]
[Black "Stumm, Rainer"]
[Result "1/2-1/2"]
[WhiteElo "1758"]
[BlackElo "1599"]
[PlyCount "49"]
[EventDate "2013.??.??"]
[WhiteTeam "ESV Gera"]
[BlackTeam "SV Medizin Erfurt"]

1. e4 e6 2. d4 d5 3. Nd2 c5 4. exd5 exd5 5. Ngf3 Nf6 6. Bb5+ Bd7 7. Qe2+ Qe7 8.
O-O Qxe2 9. Bxe2 Nc6 10. dxc5 Bxc5 11. Nb3 b6 12. c3 h6 13. Bf4 g5 14. Bd2
O-O-O 15. Ba6+ Kc7 16. a4 Ne4 17. a5 Nxd2 18. axb6+ Bxb6 19. Nfxd2 Rhe8 20. c4
dxc4 21. Bxc4 Be6 22. Bb5 Rd5 23. Ba4 Rc8 24. Nc4 Nd4 25. Nxb6 1/2-1/2

[Event "Landesklasse Ost 2013/2014"]
[Site "?"]
[Date "2013.10.20"]
[Round "2"]
[White "Knorre, Sarah"]
[Black "Küffner, Rolf"]
[Result "0-1"]
[WhiteElo "964"]
[BlackElo "1842"]
[PlyCount "76"]
[EventDate "2013.??.??"]
[WhiteTeam "SV Medizin Erfurt"]
[BlackTeam "ESV Gera"]

1. e4 c5 2. Nf3 e6 3. d4 cxd4 4. Nxd4 Nf6 5. Nc3 Bb4 6. f3 O-O 7. Bd2 e5 8. Nb3
Nc6 9. Bb5 Qb6 10. Qe2 d5 11. exd5 Nd4 12. Nxd4 exd4 13. Ne4 Bxd2+ 14. Nxd2
Nxd5 15. O-O-O Be6 16. Ne4 Rac8 17. Kb1 a6 18. Ba4 f5 19. Bb3 fxe4 20. Qxe4 Nc7
21. Bxe6+ Nxe6 22. Rhe1 Rfe8 23. Re2 Nc7 24. Qd3 Rxe2 25. Qxe2 Re8 26. Qc4+ Kh8
27. Qf7 Qd6 28. g3 h6 29. f4 Qe7 30. Qxe7 Rxe7 31. b3 Nb5 32. Kb2 Re4 33. f5
Kg8 34. h3 Kf7 35. g4 Kf6 36. Kc1 Nc3 37. Rf1 Nxa2+ 38. Kd2 Nc3 0-1

[Event "Landesklasse Ost 2013/2014"]
[Site "?"]
[Date "2013.10.20"]
[Round "2"]
[White "Seidens, Gunter"]
[Black "Schlierf, Andre"]
[Result "0-1"]
[WhiteElo "1927"]
[BlackElo "1873"]
[PlyCount "72"]
[EventDate "2013.??.??"]
[WhiteTeam "VfL 1990 Gera"]
[BlackTeam "TuS Osterburg Weida"]

1. d4 f5 2. e4 d6 3. Nc3 Nf6 4. Bd3 e6 5. Bg5 Be7 6. e5 dxe5 7. dxe5 Ng4 8.
Bxe7 Qxe7 9. Qe2 Nc6 10. Nf3 Qc5 11. Bb5 Bd7 12. O-O O-O 13. Rfe1 a6 14. Rad1
Rad8 15. Ba4 b5 16. Bb3 Bc8 17. h3 Nh6 18. Rxd8 Rxd8 19. Ng5 Nd4 20. Qh5 Nxb3
21. cxb3 Qe7 22. f4 Bb7 23. Rd1 Rxd1+ 24. Qxd1 Nf7 25. Nf3 c5 26. Kf2 Bc6 27.
Qd2 Qd7 28. Qe3 Bxf3 29. Kxf3 Qc6+ 30. Kf2 Kf8 31. Qd2 Ke7 32. Ne2 Qd5 33. Qa5
Qc6 34. a4 Nd8 35. Nc3 b4 36. Na2 Nb7 0-1

[Event "Landesklasse Ost 2013/2014"]
[Site "?"]
[Date "2013.10.20"]
[Round "2"]
[White "Schumann, Robert"]
[Black "Katzer, Michael"]
[Result "0-1"]
[WhiteElo "1843"]
[BlackElo "1912"]
[PlyCount "78"]
[EventDate "2013.??.??"]
[WhiteTeam "TuS Osterburg Weida"]
[BlackTeam "VfL 1990 Gera"]

1. d4 c5 2. c3 b6 3. Nf3 Nf6 4. e3 g6 5. Nbd2 Bb7 6. Be2 Bg7 7. b4 Qc7 8. bxc5
bxc5 9. Ba3 O-O 10. Rb1 d6 11. Qb3 Bc8 12. Bc4 e6 13. e4 Nbd7 14. O-O Nb6 15.
e5 dxe5 16. Bxc5 Nxc4 17. Nxc4 Ba6 18. Nfxe5 Ne4 19. Bxf8 Bxe5 20. Nxe5 Bxf1
21. Bh6 Ba6 22. c4 Nd6 23. c5 Nf5 24. Bf4 Nxd4 25. Qa4 Ne2+ 26. Kh1 Nc3 27. Nd7
e5 28. Bxe5 Qxe5 29. Nxe5 Nxa4 30. c6 Rc8 31. Rd1 Bb5 32. h3 Bxc6 33. Rd4 Nb6
34. Kh2 Bd5 35. a3 Rc3 36. Nd7 Nxd7 37. Rxd5 Nb6 38. Ra5 Rc7 39. Re5 Nc4 0-1

[Event "Landesklasse Ost 2013/2014"]
[Site "?"]
[Date "2013.10.20"]
[Round "2"]
[White "Welde, Kevin"]
[Black "Künzel, Andre"]
[Result "1-0"]
[WhiteElo "1853"]
[BlackElo "1905"]
[PlyCount "83"]
[EventDate "2013.??.??"]
[WhiteTeam "VfL 1990 Gera"]
[BlackTeam "TuS Osterburg Weida"]

1. Nf3 d6 2. d4 Nf6 3. g3 Nbd7 4. Bg2 e5 5. dxe5 dxe5 6. O-O Be7 7. c4 O-O 8.
Qc2 c6 9. Nc3 Qc7 10. Rd1 Re8 11. a3 a5 12. Rb1 Nc5 13. b4 axb4 14. axb4 Na6
15. c5 Nb8 16. Bg5 Nbd7 17. Ne4 Nxe4 18. Qxe4 Bf8 19. Qc2 h6 20. Bd2 Nf6 21. e4
Be6 22. Bc3 Nd7 23. Ra1 f6 24. Nh4 Rxa1 25. Rxa1 b6 26. Ng6 bxc5 27. Nxf8 Rxf8
28. bxc5 Rb8 29. Bd2 Qb7 30. Be3 Qb4 31. Bf1 Bb3 32. Qc1 Be6 33. Ra6 Qxe4 34.
Bg2 Qd3 35. Bf1 Qf5 36. Rxc6 Bd5 37. Bc4 Rb1 38. Bxd5+ Kh7 39. Qxb1 Qxb1+ 40.
Kg2 Qd3 41. Rd6 Nf8 42. Bg8+ 1-0

[Event "Landesklasse Ost 2013/2014"]
[Site "?"]
[Date "2013.10.20"]
[Round "2"]
[White "Heine, Robert"]
[Black "Huster, Mike"]
[Result "0-1"]
[WhiteElo "1613"]
[BlackElo "1899"]
[PlyCount "100"]
[EventDate "2013.??.??"]
[WhiteTeam "TuS Osterburg Weida"]
[BlackTeam "VfL 1990 Gera"]

1. d4 Nf6 2. Nf3 g6 3. e3 Bg7 4. Bd3 d6 5. Nbd2 Nbd7 6. O-O O-O 7. c3 e5 8. Re1
Re8 9. e4 c6 10. Qb3 Qc7 11. Nf1 Nf8 12. Bd2 Bg4 13. dxe5 dxe5 14. Ng5 h6 15.
h3 hxg5 16. hxg4 Ne6 17. f3 Nd7 18. Be3 Bf8 19. Rad1 Bc5 20. g3 Rad8 21. Bc4 b5
22. Bxe6 Rxe6 23. Kg2 Bxe3 24. Nxe3 Nc5 25. Rxd8+ Qxd8 26. Rd1 Rd6 27. Rxd6
Qxd6 28. Qd1 Qd3 29. Qxd3 Nxd3 30. Nd1 c5 31. a3 c4 32. Kf1 Kf8 33. Ke2 Ke7 34.
b3 Nc1+ 35. Ke3 Nxb3 36. Nb2 Nc5 37. Kd2 Kd6 38. Ke3 Ne6 39. a4 a6 40. Kd2 Kc5
41. axb5 Kxb5 42. Nd1 Nc5 43. Ne3 a5 44. Nd5 Nd3 45. Nc7+ Kc5 46. Nd5 a4 47.
Ne3 a3 48. Nc2 a2 49. Na1 Kb5 50. Kd1 Ka4 0-1

[Event "Landesklasse Ost 2013/2014"]
[Site "?"]
[Date "2013.10.20"]
[Round "2"]
[White "Richter, Sven"]
[Black "Wagner, Uwe"]
[Result "1/2-1/2"]
[WhiteElo "1937"]
[BlackElo "1708"]
[PlyCount "70"]
[EventDate "2013.??.??"]
[WhiteTeam "VfL 1990 Gera"]
[BlackTeam "TuS Osterburg Weida"]

1. Nf3 Nf6 2. g3 c5 3. Bg2 d6 4. O-O e6 5. d3 Nbd7 6. e4 Be7 7. Nc3 a6 8. a4
Qc7 9. Nd2 O-O 10. f4 Rb8 11. g4 b6 12. h3 Bb7 13. Nf3 c4 14. Qe2 Nc5 15. Ne1
cxd3 16. Nxd3 Rbd8 17. Nf2 Nfd7 18. Qc4 a5 19. Nb5 Qb8 20. Rd1 Nf6 21. Qe2 Qa8
22. Re1 Rd7 23. g5 Ne8 24. Bd2 Nc7 25. Nc3 Rfd8 26. Qg4 d5 27. e5 Ne8 28. Nb5
d4 29. Nd3 Bxg2 30. Qxg2 Qxg2+ 31. Kxg2 Nc7 32. Na3 Rb8 33. Nc4 h6 34. h4 N7a6
35. Kf3 Nxd3 1/2-1/2

[Event "Landesklasse Ost 2013/2014"]
[Site "?"]
[Date "2013.10.20"]
[Round "2"]
[White "Schönfeld, Volker"]
[Black "Lehmann, Volkhard"]
[Result "1-0"]
[WhiteElo "1900"]
[BlackElo "1653"]
[PlyCount "81"]
[EventDate "2013.??.??"]
[WhiteTeam "VfL 1990 Gera"]
[BlackTeam "TuS Osterburg Weida"]

1. e4 c5 2. c3 Nf6 3. e5 Nd5 4. d4 e6 5. c4 Nb6 6. d5 d6 7. exd6 Qxd6 8. Nc3
Bd7 9. Nf3 exd5 10. cxd5 Be7 11. Be2 O-O 12. O-O a6 13. Be3 Bf5 14. Qd2 N8d7
15. Bf4 Qg6 16. a4 Nc8 17. Rfe1 Qb6 18. a5 Qd8 19. d6 Bf6 20. Nd5 Rb8 21. h3
Be4 22. Nxf6+ Qxf6 23. Bg5 Qf5 24. Rad1 b5 25. Nh4 Qe6 26. Bd3 f5 27. f3 h6 28.
Be7 Nxe7 29. dxe7 Qxe7 30. Nxf5 Rxf5 31. Bxe4 Re5 32. Qxd7 Qf6 33. Qd6 Rf8 34.
Qxf6 Rxf6 35. Bh7+ Kxh7 36. Rxe5 Rc6 37. Red5 c4 38. Rd6 Rc7 39. Rxa6 b4 40.
Rb6 b3 41. Rc1 1-0

[Event "Landesklasse Ost 2013/2014"]
[Site "?"]
[Date "2013.10.20"]
[Round "2"]
[White "Koseck, Christian"]
[Black "Piontek, Michael"]
[Result "1/2-1/2"]
[WhiteElo "1597"]
[BlackElo "1823"]
[PlyCount "35"]
[EventDate "2013.??.??"]
[WhiteTeam "TuS Osterburg Weida"]
[BlackTeam "VfL 1990 Gera"]

1. e4 e6 2. d4 d5 3. exd5 exd5 4. Nf3 Nf6 5. Bg5 Be7 6. Bd3 O-O 7. O-O h6 8.
Bf4 Bd6 9. Ne5 Re8 10. Re1 c5 11. dxc5 Bxc5 12. c3 Nc6 13. Nxc6 Rxe1+ 14. Qxe1
bxc6 15. Nd2 Bd6 16. Bxd6 Qxd6 17. Nf3 Bg4 18. Qe5 1/2-1/2

[Event "Landesklasse Ost 2013/2014"]
[Site "?"]
[Date "2013.11.17"]
[Round "3"]
[White "Buring, Matthias"]
[Black "Hoffmann, Tim"]
[Result "1/2-1/2"]
[WhiteElo "2041"]
[BlackElo "1935"]
[PlyCount "45"]
[EventDate "2013.??.??"]
[WhiteTeam "SG Arnstadt-Stadtilm"]
[BlackTeam "ESV Gera"]

1. d4 Nf6 2. c4 e6 3. Nf3 Bb4+ 4. Bd2 Qe7 5. e3 O-O 6. Bd3 d5 7. a3 Bxd2+ 8.
Nbxd2 Nbd7 9. Qc2 c5 10. O-O dxc4 11. Nxc4 b5 12. Nce5 c4 13. Be4 Nxe4 14. Qxe4
Nxe5 15. Qxe5 a6 16. d5 f6 17. d6 Qd7 18. Qc5 Bb7 19. a4 e5 20. Rfd1 Rfc8 21.
Qb4 Bc6 22. Rac1 Ra7 23. Qa5 1/2-1/2

[Event "Landesklasse Ost 2013/2014"]
[Site "?"]
[Date "2013.11.17"]
[Round "3"]
[White "Puschendorf, Steffen"]
[Black "Sauer, Marko"]
[Result "1-0"]
[WhiteElo "2083"]
[BlackElo "1995"]
[PlyCount "89"]
[EventDate "2013.??.??"]
[WhiteTeam "ESV Gera"]
[BlackTeam "SG Arnstadt-Stadtilm"]

1. d4 Nf6 2. c4 e6 3. g3 d5 4. Nf3 c5 5. Bg2 cxd4 6. cxd5 Qxd5 7. Qxd4 Nc6 8.
Qxd5 Nxd5 9. a3 Be7 10. Bd2 O-O 11. O-O Rd8 12. Nc3 Bf6 13. Rac1 Nb6 14. Bg5 e5
15. Bxf6 gxf6 16. e3 Bf5 17. Nh4 Be6 18. Ne4 Nd5 19. Nc5 Rab8 20. b4 Nce7 21.
Nxe6 fxe6 22. Bh3 Kf7 23. e4 Nb6 24. f4 exf4 25. Rxf4 Ng6 26. Nxg6 hxg6 27. Rh4
f5 28. exf5 exf5 29. Rc7+ Rd7 30. Rh7+ Ke6 31. Rhxd7 Nxd7 32. Bg2 a5 33. bxa5
Kd6 34. Rxb7 Rxb7 35. Bxb7 Nc5 36. a6 Kc7 37. h4 Na4 38. Kf2 Nc3 39. Ke3 Nb5
40. Kf4 Nd4 41. Kg5 Ne2 42. Bf3 Nd4 43. a7 Nxf3+ 44. Kf4 Kb7 45. Kxf3 1-0

[Event "Landesklasse Ost 2013/2014"]
[Site "?"]
[Date "2013.11.17"]
[Round "3"]
[White "Schätz, Bianca"]
[Black "Gläßl, Matthias"]
[Result "0-1"]
[WhiteElo "1817"]
[BlackElo "2050"]
[PlyCount "66"]
[EventDate "2013.??.??"]
[WhiteTeam "SG Arnstadt-Stadtilm"]
[BlackTeam "ESV Gera"]

1. f4 Nf6 2. Nf3 g6 3. g3 Bg7 4. Bg2 c6 5. c3 d6 6. O-O Nbd7 7. Na3 O-O 8. d3
d5 9. Qe1 Nc5 10. b4 Na4 11. Bd2 a5 12. Nc2 axb4 13. Nxb4 Nc5 14. Ne5 Nfd7 15.
d4 Nxe5 16. fxe5 Na4 17. e4 Nb6 18. exd5 cxd5 19. Qc1 Be6 20. Nd3 Nc4 21. Bh6
Ra3 22. Bxg7 Kxg7 23. Rf4 h6 24. Nc5 Qc8 25. Bf1 Ra5 26. Bxc4 dxc4 27. Nxe6+
Qxe6 28. Qb2 b5 29. Qf2 Qd5 30. Rf1 Ra3 31. Rf3 b4 32. Qb2 Rxc3 33. Rxc3 Qxd4+
0-1

[Event "Landesklasse Ost 2013/2014"]
[Site "?"]
[Date "2013.11.17"]
[Round "3"]
[White "Schmidt, Frank"]
[Black "Hattendorf, Jens"]
[Result "1-0"]
[WhiteElo "1921"]
[BlackElo "1897"]
[PlyCount "65"]
[EventDate "2013.??.??"]
[WhiteTeam "ESV Gera"]
[BlackTeam "SG Arnstadt-Stadtilm"]

1. d4 d5 2. Nf3 Nf6 3. Nbd2 Bf5 4. e3 e6 5. Ne5 h6 6. Ndf3 Ne4 7. c3 f6 8. Nd3
g5 9. Nd2 Nd6 10. Be2 Nd7 11. O-O Qe7 12. Qb3 Qh7 13. c4 c6 14. f3 O-O-O 15. a4
Ne8 16. c5 e5 17. Nb4 Nb8 18. Qc3 h5 19. Nb3 g4 20. f4 h4 21. Qe1 g3 22. h3 Qd7
23. Qd1 Bxh3 24. gxh3 Rg8 25. Kg2 e4 26. Bg4 f5 27. Be2 Nf6 28. Bd2 Qh7 29. Rh1
Nbd7 30. Bc3 Ng4 31. hxg4 Rh8 32. Rh3 Nf6 33. g5 1-0

[Event "Landesklasse Ost 2013/2014"]
[Site "?"]
[Date "2013.11.17"]
[Round "3"]
[White "Jank, Kevin"]
[Black "Senf, Paul"]
[Result "1-0"]
[WhiteElo "1625"]
[BlackElo "1700"]
[PlyCount "79"]
[EventDate "2013.??.??"]
[WhiteTeam "SG Arnstadt-Stadtilm"]
[BlackTeam "ESV Gera"]

1. e4 c6 2. d4 d5 3. exd5 cxd5 4. Bd3 Nc6 5. c3 Nf6 6. h3 e6 7. Nf3 Be7 8. Bf4
O-O 9. Nbd2 a6 10. a4 Bd7 11. O-O Na7 12. Ne5 b5 13. Nxd7 Qxd7 14. Nf3 Qb7 15.
Qe2 Nd7 16. Rfe1 Bf6 17. Ne5 g6 18. Ng4 Bg7 19. Qd2 Nf6 20. Nxf6+ Bxf6 21. Bh6
Rfb8 22. Bf4 Rc8 23. Qe2 Rc6 24. axb5 axb5 25. Bxb5 Rb6 26. Ba6 Qc6 27. Bd3 Qb7
28. Ra2 Nc6 29. Rea1 Rxa2 30. Rxa2 Rb3 31. Qc2 Bg7 32. Ba6 Qb6 33. Bc7 Nxd4 34.
cxd4 Qb4 35. Bd6 Qe1+ 36. Kh2 Bxd4 37. Qxb3 Bxf2 38. Qb8+ Kg7 39. Qf8+ Kf6 40.
Qh8+ 1-0

[Event "Landesklasse Ost 2013/2014"]
[Site "?"]
[Date "2013.11.17"]
[Round "3"]
[White "Hilbig, Dieter"]
[Black "Widmann, Benjamin"]
[Result "1-0"]
[WhiteElo "1894"]
[BlackElo "1850"]
[PlyCount "35"]
[EventDate "2013.??.??"]
[WhiteTeam "ESV Gera"]
[BlackTeam "SG Arnstadt-Stadtilm"]

1. e4 c5 2. Nc3 Nc6 3. f4 d6 4. Nf3 g6 5. Bb5 Bd7 6. O-O Bg7 7. d3 Nf6 8. Qe1
O-O 9. Bxc6 Bxc6 10. Qh4 b5 11. f5 b4 12. Nd1 a5 13. Bh6 a4 14. Ng5 Nh5 15.
Bxg7 Kxg7 16. fxg6 hxg6 17. Rxf7+ Kg8 18. Rg7+ 1-0

[Event "Landesklasse Ost 2013/2014"]
[Site "?"]
[Date "2013.11.17"]
[Round "3"]
[White "Marufke, Kai"]
[Black "Steinmüller, Johannes"]
[Result "1/2-1/2"]
[WhiteElo "1875"]
[BlackElo "1744"]
[PlyCount "134"]
[EventDate "2013.??.??"]
[WhiteTeam "SG Arnstadt-Stadtilm"]
[BlackTeam "ESV Gera"]

1. e4 c5 2. f4 Nc6 3. Nf3 g6 4. Nc3 Bg7 5. Bb5 a6 6. Bxc6 dxc6 7. d3 Bg4 8. O-O
e6 9. h3 Bxf3 10. Qxf3 Qd7 11. f5 O-O-O 12. fxe6 fxe6 13. Qf7 Nh6 14. Qxd7+
Rxd7 15. Kh1 Kc7 16. Bf4+ e5 17. Be3 b6 18. Na4 Rf7 19. b4 cxb4 20. Bxb6+ Kb7
21. Rxf7+ Nxf7 22. Rb1 Bf8 23. c3 bxc3 24. Nxc3 Bd6 25. Na4 Kc8 26. Ba5 Bc7 27.
Nb6+ Kd8 28. Nc4 Bxa5 29. Nxa5 Kd7 30. Rb7+ Ke6 31. Rb6 Rd8 32. Nxc6 Rxd3 33.
Rxa6 Rd6 34. Kg1 Ng5 35. a4 Nxe4 36. a5 Nc5 37. Nd8+ Kd7 38. Rxd6+ Kxd6 39.
Nf7+ Kd5 40. Kf2 Kd4 41. Ng5 h5 42. h4 e4 43. Nf7 Kd3 44. Ke1 e3 45. Ne5+ Ke4
46. Nxg6 Kf5 47. Ne7+ Kg4 48. Nd5 Kxh4 49. Nxe3 Kg3 50. Kf1 h4 51. Kg1 Kf4 52.
Nc2 h3 53. gxh3 Kg3 54. Nd4 Kxh3 55. Kf2 Kg4 56. Ke3 Kg5 57. Nb3 Na6 58. Kd4
Kf6 59. Kd5 Ke7 60. Kc6 Kd8 61. Kb7 Nb4 62. Nc5 Ke7 63. Nb3 Kd7 64. Nd4 Kd8 65.
Kb6 Kc8 66. Kb5 Nd5 67. Ne6 Nc7+ 1/2-1/2